| 000 | 00635cam a2200217 a 4500 | ||
|---|---|---|---|
| 001 | 2087034 | ||
| 005 | 20180308093541.0 | ||
| 008 | 950404s1996 njuaf 001 0 eng | ||
| 010 | _a 95015889 | ||
| 020 | _a0132135477 | ||
| 040 |
_aDLC _cDLC _dDLC |
||
| 041 | _aeng | ||
| 080 | _a621.381 COO | ||
| 082 | 0 | 0 |
_a621.381 COO _220 |
| 100 | 1 | _a27 | |
| 101 | _aMEC | ||
| 245 | 1 | 0 |
_aIntroductory DC/AC electronics / _cNigel P. Cook. |
| 906 |
_a7 _bcbc _corignew _d1 _eocip _f19 _gy-gencatlg |
||
| 942 |
_2ddc _cBK |
||
| 999 |
_c44516 _d44516 |
||